Empathetic Space on Screen Constructing Powerful Place and Setting /

In this book we learn that there is a clear but complex relationship between setting and character on screen. Certain settings stand out above others-think of the iconic gooey dripping tunnels that Ripley stumbles through in Aliens, Norman's bird-decorated parlour in Psycho or the dark Gotham o...

Full description

Bibliographic Details
Main Author: D'Adamo, Amedeo (Author, http://id.loc.gov/vocabulary/relators/aut)
Corporate Author: SpringerLink (Online service)
Format: Electronic eBook
Language:English
Published: Cham : Springer International Publishing : Imprint: Palgrave Macmillan, 2018.
Edition:1st ed. 2018.
Subjects:
Online Access:Full Text via HEAL-Link
LEADER 05083nam a2200517 4500
001 978-3-319-66772-0
003 DE-He213
005 20191022053902.0
007 cr nn 008mamaa
008 171215s2018 gw | s |||| 0|eng d
020 |a 9783319667720  |9 978-3-319-66772-0 
024 7 |a 10.1007/978-3-319-66772-0  |2 doi 
040 |d GrThAP 
050 4 |a HM621-656 
072 7 |a JF  |2 bicssc 
072 7 |a LAN000000  |2 bisacsh 
072 7 |a JB  |2 thema 
082 0 4 |a 301  |2 23 
100 1 |a D'Adamo, Amedeo.  |e author.  |4 aut  |4 http://id.loc.gov/vocabulary/relators/aut 
245 1 0 |a Empathetic Space on Screen  |h [electronic resource] :  |b Constructing Powerful Place and Setting /  |c by Amedeo D'Adamo. 
250 |a 1st ed. 2018. 
264 1 |a Cham :  |b Springer International Publishing :  |b Imprint: Palgrave Macmillan,  |c 2018. 
300 |a XIX, 270 p. 53 illus., 43 illus. in color.  |b online resource. 
336 |a text  |b txt  |2 rdacontent 
337 |a computer  |b c  |2 rdamedia 
338 |a online resource  |b cr  |2 rdacarrier 
347 |a text file  |b PDF  |2 rda 
505 0 |a PART I : THE BUILDING CODES OF NARRATIVE SPACE -- 1. Introduction : Welcome to Dantean Space. Empathy and Space in Singin' in The Rain, Legally Blonde, The Pursuit of Happyness and Aliens -- 2. The Empty Man Of Action VS The Active Heart : DisPassionate & Dramatic Characters from James Bond and Sherlock Holmes to Little Miss Sunshine, Hamlet and The Hobbit -- 3. The Frozen Ones : Dantean Moments, Characters & Space from Aliens to Amelie, Sunset Blvd, Batman and others -- 4. Are We Empathizing with the Situation or With The Character? : A Methodology of Defining Space and Character in films like Little Miss Sunshine, 50 Shades Of Grey, Twilight & Secretary and TV shows like Lego Friends -- PART II : BOUNDARIES VISIBLE AND BROKEN -- 5. The Library of All Stories : Purgatory, Therapy and Character Arcs in Dante and in Great Expectations, One Hour Photo, The Third Man and Sunrise, in Camus' novel The Fall, and in Edgar Allen's Poe's short stories -- 6. Ghosts and Shades and Place : Empathetic Hauntology in Gravity, Lars and The Real Girl & Hiroshima Mon Amour -- 7. On Collapsing Boundaries between Protagonist and Antagonist : Dante's tricks and others in La Vie En Rose and Apocalypse Now and in the documentaries Tarnation, Elena and Waltzing With Bashir -- 8. Alienated Spaces : DeathStarchitecture, Showroom Space and the Dantean Homes of Homeland, Star Wars, Mad Men and The Graduate -- PART III : HOW NOT TO THINK LIKE DANTE ALIGHIERI : THE SOCIAL IMPLICATIONS OF DANTEAN SPACE -- 9. How Not To Think Like Dante Alighieri : Guilt, Punishment & the components of Dantean Space.-10. Escaping Dantean Space : On Creating Zones of Care in the biography of St Teresa, in physical materials and through Cinematography -- 11. How To Create Ecstatic Space : On crafting Zones of Care in Literature, Cinema and VideoGames in the films Amelie & The Secret Garden and in the videogame Wrath Of The White Witch. 
520 |a In this book we learn that there is a clear but complex relationship between setting and character on screen. Certain settings stand out above others-think of the iconic gooey dripping tunnels that Ripley stumbles through in Aliens, Norman's bird-decorated parlour in Psycho or the dark Gotham of certain Batman movies. But what makes these particular settings so powerful and iconic? Amedeo D'Adamo explains why we care about and cry for certain characters, and then focuses on how certain places then become windows onto their emotional lives. Using popular case studies such as Apocalypse Now, Amelie, Homeland and The Secret Garden, this original and insightful book is the first to really explain what makes some settings so effective, revealing an important but as yet uncovered machinery of empathy in visual narrative space. An invaluable resource for students, academics and indeed young filmmakers designing their very own narratives for space on screen. 
650 0 |a Culture-Study and teaching. 
650 0 |a Motion pictures. 
650 0 |a Motion pictures-United States. 
650 0 |a Motion pictures  |x Production and direction. 
650 0 |a Motion picture authorship. 
650 1 4 |a Popular Science in Cultural and Media Studies.  |0 http://scigraph.springernature.com/things/product-market-codes/Q33010 
650 2 4 |a Film Theory.  |0 http://scigraph.springernature.com/things/product-market-codes/413090 
650 2 4 |a American Cinema and TV.  |0 http://scigraph.springernature.com/things/product-market-codes/413010 
650 2 4 |a Film and TV Production.  |0 http://scigraph.springernature.com/things/product-market-codes/413150 
650 2 4 |a Screenwriting.  |0 http://scigraph.springernature.com/things/product-market-codes/413140 
710 2 |a SpringerLink (Online service) 
773 0 |t Springer eBooks 
776 0 8 |i Printed edition:  |z 9783319667713 
776 0 8 |i Printed edition:  |z 9783319667737 
856 4 0 |u https://doi.org/10.1007/978-3-319-66772-0  |z Full Text via HEAL-Link 
912 |a ZDB-2-LCM 
950 |a Literature, Cultural and Media Studies (Springer-41173)